[Event "MI Conway TNM: 1800+"]
[Site "San Francisco"]
[Date "2022.05.31"]
[Round "5.1"]
[White "Arun, Siddharth"]
[Black "Weng, Nicholas"]
[Result "1/2-1/2"]
[WhiteElo "2209"]
[BlackElo "2021"]
[Annotator "de Firmian"]
[PlyCount "123"]
[EventDate "2022.05.03"]
[EventType "swiss"]
[EventRounds "7"]
[EventCountry "USA"]

{This was the first board game of the round.} 1. e4 c5 2. c3 Nf6 3. e5 Nd5 4.
d4 cxd4 5. cxd4 d6 6. Nf3 e6 7. Nc3 Nxc3 (7... dxe5 {may be the best way to
play this as Black}) 8. bxc3 Qc7 $5 ({now} 8... dxe5 9. Nxe5 {is good for
White since the knight exchange strenthened the white center}) 9. Bd2 b6 $5 (
9... Bd7) 10. Bd3 (10. Bb5+ $5 $14 Bd7 11. Bd3) (10. Ng5 $5 $14) 10... Bb7 11.
Qe2 Nd7 12. exd6 (12. O-O $11 dxe5 13. Nxe5 Nxe5 14. Bf4 Bd6 {is equal}) 12...
Bxd6 13. Ng5 $5 {[#] Siddharth wants to spice things up instead of a normal
position after 13. 0-0} Nf6 (13... Bxg2 14. Rg1 Bc6 15. Nxe6 fxe6 16. Qxe6+ {
looks scary (e.g. 16...Kf8? 17. Rg7!) but Black may well be better after 16...
Be7}) 14. Ne4 Nxe4 15. Bxe4 Bxe4 16. Qxe4 O-O 17. g3 Qc4 {[#] It's hard to
argue with Nicholas if he wanted as safe secure edge in the endgame as he will
get it now.} 18. Qe2 Rac8 19. Qxc4 Rxc4 20. f4 Ra4 21. Ke2 Rc8 ({I like} 21...
b5 22. Rhb1 a6 {to set the black pawns on white squares and keep the white
pawn fixed on c3 as a target}) 22. Rhb1 Kf8 23. Kd3 Ke7 24. Rb5 g6 25. Rb2 Rc6
26. Rab1 Kd7 27. Rc2 Rac4 28. g4 $1 {looking for counterplay, as there is
little White can do on the queenside} f5 29. gxf5 exf5 30. h4 {using this pawn
to break up the kingside chain} Kc7 $6 {[#]} 31. h5 ({White could also get a
slight edge winning the exchange with} 31. d5 $5 R6c5 32. Be3 Re4 33. Bxc5 Bxc5
34. Re2 ({or} 34. h5)) 31... Kb7 32. hxg6 hxg6 33. Rg1 Bb8 34. Be3 (34. Rh1 $5
$14 {/=}) (34. d5 Rc8 35. Rxg6 Bxf4) 34... b5 $1 {now 35...b4 is a possibility.
Chances are even as both sides have targets to work on.} 35. Rgc1 a6 36. Rg2
Bc7 37. Bd2 Ba5 38. Re2 Ra4 39. Rc2 Ra3 40. Re7+ Kc8 41. d5 {This long awaited
advance makes the game tactically sharp.} Rd6 42. Kd4 Ra4+ 43. c4 Bxd2 (43...
Bb6+ 44. Ke5 Bc7 {repeats}) 44. Rxd2 Rxc4+ 45. Ke5 Rd8 46. d6 {Black is a pawn
ahead while White has an active king, advanced d-pawn and active rooks. The
black rooks are also active which keeps the balance.} Re4+ 47. Kf6 Rxf4 $11 48.
Kxg6 (48. Rc2+ $1 Kb8 49. Rc6) 48... Rd7 49. Kf7 (49. Kf6) 49... Rh4 50. Ke6
Rh6+ 51. Ke5 $2 (51. Kxf5 Rdxd6 52. Rxd6 Rxd6 53. Ra7 (53. Rh7) 53... Kb8 54.
Ke5 $1 (54. Rh7) 54... Kxa7 55. Kxd6 $11 {is a drawn pawn ending, though White
must be careful}) 51... Rhxd6 52. Rxd6 Rxe7+ 53. Kf6 {[#]} Re8 $2 {Black had
three moves that won; this isn't one of them.} (53... Re2 54. Rxa6 Kb7 55. Ra3
f4) (53... Re3 54. Rxa6 Kb7 55. Rd6 (55. Ra5 Kb6 56. Ra8 f4) 55... f4 56. Rd4
Ra3) (53... Rh7 54. Kxf5 (54. Kg6 Rh2) 54... Kb7) 54. Rxa6 $11 f4 55. Kf5 Kb7 (
55... f3 56. Kg4 f2 57. Rf6 Re2 58. a3 Ra2 59. Kg3 Kc7 60. Kg2 $1 {holds the
draw}) 56. Rf6 f3 57. Kg4 Re2 58. Kxf3 Rxa2 59. Ke3 Rc2 60. Kd3 Rc8 61. Rh6 Ka7
62. Rg6 {Draw agreed. A great battle to the end.} 1/2-1/2

[Event "MI Conway TNM: 1800+"]
[Site "San Francisco"]
[Date "2022.05.31"]
[Round "5.2"]
[White "Bambou, Christophe"]
[Black "Lewis, Edward"]
[Result "1/2-1/2"]
[WhiteElo "2101"]
[BlackElo "1998"]
[Annotator "Lewis,Ed / Winslow,Elliott"]
[PlyCount "91"]
[EventDate "2022.05.03"]
[EventType "swiss"]
[EventRounds "7"]
[EventCountry "USA"]

1. d4 {Edouard,Romain} Nf6 2. c4 e6 3. Nc3 Bb4 4. Bd2 {EW: (No longer a
beginner's move!)} O-O 5. Nf3 c5 6. a3 Bxc3 7. Bxc3 {[#] EL: Ed knows that Ne4
is the best move but chooses to exchange in the center first and was suprised
by Qxd4.} cxd4 (7... Ne4 8. Rc1 $5 b6 9. g3 Bb7 10. Bg2 Nxc3 11. Rxc3 cxd4 12.
Qxd4 Nc6 13. Qd2 Qe7 14. O-O Rfd8 15. e4 Rac8 16. Rd1 d6 17. b3 Ne5 18. Nd4 a6
19. Re3 Qc7 20. h3 h6 21. Qb2 Qc5 22. a4 Kf8 23. Kh2 a5 24. Qe2 Nc6 25. Red3
Nxd4 26. Rxd4 Rc7 27. Qd2 Rcd7 28. Rd3 Ke7 29. f4 Bc6 30. Rf1 g5 31. fxg5 hxg5
32. Rd5 Bxd5 33. Qxg5+ Kf8 34. cxd5 Re7 35. e5 Rc8 36. Rf4 dxe5 37. Rc4 {
Artemiev,V (2716)-Aronian,L (2773) Chess.com INT 2020 CBM 196 [Edouard,Romain]
1-0}) 8. Qxd4 Nc6 9. Qh4 {[#] Here, black tries to release pressure on the f6
square by offering an exchange of queens on d8 but this simply loses a pawn or
gives up a rook for a bishop.} Ne8 $146 ({Predecessor:} 9... b6 10. e3 Bb7 11.
Bd3 h6 12. Qg3 Kh8 13. O-O d6 14. Rfd1 e5 15. Nh4 Ne7 16. Rac1 Qc7 17. f4 Nc6
18. Nf5 Rg8 19. fxe5 Nxe5 20. Bb1 Rad8 21. Nxd6 Rxd6 22. Rxd6 Qxd6 23. Bxe5 Qd2
24. Rf1 Re8 $18 25. Bxf6 gxf6 26. Rxf6 Qc1+ 27. Rf1 Qxb2 28. Qf2 Qg7 29. g3 Kg8
30. Qf4 Bc8 31. Be4 Be6 32. Bd5 a5 33. e4 Qg6 34. Kg2 Bxd5 35. exd5 Re4 36. Qf5
Re2+ 37. Kh3 Kg7 38. Qxg6+ Kxg6 39. Rd1 {0-1, Ansh,S (2455)-Khamrakulov,D 
(2514) Chess.com Blitz 5.5.2020.}) (9... Re8 10. Rd1 e5 11. g4 $16) (9... d5 $1
{is best but who wants to play it -- Black lands in a thankless bad bishop
ending with splintered pawns.} 10. Bxf6 Qxf6 11. Qxf6 gxf6 12. cxd5 exd5 {
But -- it's actually happened, twenty years ago!} 13. Rd1 (13. e3 d4 $14) 13...
Be6 14. e3 Rac8 (14... Rfc8 $5 {Black does have a development lead, and there
are some light square weaknesses for White...}) 15. Be2 Ne5 16. Nd4 Nc4 17.
Bxc4 dxc4 18. Kd2 Rc5 19. Kc3 a5 20. Nxe6 fxe6 21. Rd7 b5 22. Rhd1 $1 e5 $2 (
22... Rb8 23. Rd8+ Rxd8 24. Rxd8+ Kf7 25. Ra8 a4 $16) 23. Ra7 $18 b4+ 24. axb4
axb4+ 25. Kxb4 Rfc8 26. Kc3 (26. Rad7 $1) 26... Rb5 27. Rdd7 Rb3+ 28. Kc2 Rcb8
29. Rg7+ $6 (29. Ra2 $1 $18) 29... Kh8 30. Rxh7+ Kg8 31. Rhg7+ Kh8 32. Rh7+ Kg8
33. Rag7+ Kf8 34. Rf7+ Kg8 35. Rhg7+ {½-½ (35) Schipper,B-Albarran,G (2275)
Torre Blanca Copa de Campeones, Buenos Aires 2002}) 10. Qxd8 Nxd8 11. Bb4 {
EL: White would like to collect his pawn now.} d6 12. O-O-O Nc6 13. Bxd6 Nxd6
14. Rxd6 $18 {[#] White is safe and happy with a pawn to the good.} e5 15. e3
Be6 16. Be2 Rac8 {Black is trying to generate play down the c- file and white
is trying to consolidate his position a pawn up.} 17. b3 b5 {[#]} 18. Ng5 $6 (
18. Kb2 $1 bxc4 19. Rc1 $1) 18... Na5 $1 (18... bxc4 19. b4 $1) 19. Nxe6 (19.
Kc2 $1 {It turns out not so straightforward -- White has to do some twisting
to claim a goodsized advantage.} Bf5+ 20. e4 Bg6 21. Kc3 $1 h6 22. Nf3 Bxe4 23.
Nxe5 $16 {(and it's still complicated).}) 19... fxe6 20. Bg4 $6 Nxb3+ 21. Kb2
Nc5 {This has all gone South for White -- and now his king is getting
"involved" (not a good thing)} 22. f3 Rb8 (22... bxc4 {right away:} 23. Bxe6+
Nxe6 24. Rxe6 Rfd8 {gets a slightly better rook placement and would definitely
be no worse.}) 23. Bxe6+ {[#]} Kh8 $6 {Asking for various troubles (N vs. B in
a rook ending, back rank mate, loss of a tempo), but is promptly rewarded
anyway:} (23... Nxe6 24. Rxe6 bxc4+ 25. Kc2 Rb3 26. Rxe5 Rxa3 27. Rb1 $11 {
[%eval 0,0] as in}) 24. cxb5 $2 {This loses a piece; White on the other hand
does have compensation in the amount and placement of his pawns. The knight is
more clumsy than tricky in this ending.} (24. Bd5 $1 bxc4+ 25. Kc2 Rb3 26. Bxc4
Rxa3 27. Rhd1 $16) 24... Rf6 $11 25. Rd5 $2 (25. Rhd1 Nxe6 26. Kc3 Kg8 27. Kb4)
25... Nxe6 26. Rxe5 h6 (26... a6 $5 27. a4 axb5 28. Rxb5 Rxb5+ 29. axb5 Rf5 $15
) 27. Rd1 a6 28. a4 axb5 29. Rxb5 Rxb5+ 30. axb5 Rf5 31. Rd6 Rxb5+ 32. Kc3 {
The binary beast accesses this as -0.9 but how does black continue?} Nc7 (32...
Nf8 {head to h4!?}) 33. e4 Kg8 34. f4 Ne8 35. Rd8 Kf7 36. e5 Ke7 37. Ra8 Rb7 (
37... Nc7 $5) 38. g4 Nc7 39. Ra5 Ne6 40. f5 Ng5 41. h4 Ne4+ 42. Kd4 Nf2 43. f6+
gxf6 44. exf6+ Kf7 45. g5 hxg5 46. hxg5 {White offered a draw here and black
accepted.} 1/2-1/2

[Event "MI Conway TNM: 1800+"]
[Site "San Francisco"]
[Date "2022.05.31"]
[Round "5.3"]
[White "Das, Rohan"]
[Black "Diaz, Conrado"]
[Result "1-0"]
[WhiteElo "1944"]
[BlackElo "2344"]
[PlyCount "81"]
[EventDate "2022.05.03"]
[EventType "swiss"]
[EventRounds "7"]
[EventCountry "USA"]

1. d4 Nf6 2. c4 e5 3. dxe5 Ne4 4. Nf3 d6 5. exd6 Bxd6 6. e3 Nc6 7. a3 Qf6 8.
Bd3 Nc5 9. Bc2 Bg4 10. h3 Bh5 11. Nbd2 O-O-O 12. Rb1 Ne5 13. Qe2 Be7 14. b4 {
[#]} Rxd2 15. Qxd2 Nxf3+ 16. gxf3 Rd8 17. Qe2 Ne6 18. Bb2 Qh4 19. Rd1 Rxd1+ 20.
Bxd1 Ng5 21. Qd3 g6 22. f4 Nxh3 23. Qf1 Bxd1 24. Qxh3+ Qxh3 25. Rxh3 Bh5 26. f5
Kd7 27. f4 a6 28. e4 Ke8 29. fxg6 hxg6 30. Be5 Kd7 31. f5 Kc6 32. Rd3 Bh4+ 33.
Kd2 f6 34. Bf4 g5 35. Bg3 Bxg3 36. Rxg3 Kd6 37. Rh3 Bf7 38. c5+ Ke5 39. Ke3 b6
40. Rh7 bxc5 41. bxc5 1-0

[Event "MI Conway TNM: 1800+"]
[Site "San Francisco"]
[Date "2022.05.31"]
[Round "5.4"]
[White "Lesniewski, Lucas"]
[Black "Suarez, Sebastian"]
[Result "1-0"]
[WhiteElo "1914"]
[BlackElo "1728"]
[PlyCount "83"]
[EventDate "2022.05.03"]
[EventType "swiss"]
[EventRounds "7"]
[EventCountry "USA"]

1. Nf3 d5 2. e3 Nf6 3. b3 Bf5 4. Bb2 e6 5. h3 Nbd7 6. Nh4 Bg6 7. Be2 Be7 8. d3
c5 9. Nd2 Rc8 10. O-O O-O 11. Nxg6 hxg6 12. c4 dxc4 13. dxc4 Qc7 14. Qc2 Rfd8
15. Rad1 Ne5 16. Nf3 Nxf3+ 17. Bxf3 b6 18. Bc3 Nd7 19. Qe4 Bf6 {[#]} 20. Bd2
Ne5 21. Be2 Rd7 22. f4 Nc6 23. Bc1 Rcd8 24. Rxd7 Rxd7 25. a3 a5 26. h4 Ne7 27.
g3 Nf5 28. Kg2 e5 {[#]} 29. h5 exf4 30. hxg6 fxg6 31. Qe8+ Kh7 32. Rh1+ Nh6 33.
gxf4 Qc6+ 34. e4 Qb7 35. Bf3 Re7 36. Qf8 Rf7 37. Qd6 Rd7 38. Qe6 Re7 {[#]} 39.
Rxh6+ gxh6 40. Qxf6 Rxe4 41. Bb2 g5 42. Qf5+ {Textbook realization of the
advantage one can achieve from a Flank Opening by Lucas!} 1-0

[Event "MI Conway TNM: 1800+"]
[Site "San Francisco"]
[Date "2022.05.31"]
[Round "5.5"]
[White "Riese, Kayven"]
[Black "Hao, Max"]
[Result "0-1"]
[WhiteElo "1900"]
[BlackElo "1900"]
[Annotator "Winslow,Elliott"]
[PlyCount "30"]
[EventDate "2022.05.03"]
[EventType "swiss"]
[EventRounds "7"]
[EventCountry "USA"]

1. e4 c5 2. Nf3 d6 3. d4 cxd4 4. Nxd4 Nf6 5. Nc3 a6 6. Bg5 e6 7. f4 h6 (7...
Qb6 8. Qd2 Qxb2 9. Rb1 Qa3 {12,500 games} 10. Rb3 {56 games!}) 8. Bh4 Qb6 {
The Poisoned Pawn Variation of the Najdorf, with ...h6 and Bh4 tossed in. Good
luck!} 9. Qd2 Qxb2 10. Rb1 Qa3 11. Rb3 {In the over-one-thousand games in the
database this position as occured (without ...h6 many more of course), this
has occured in .... eight games.} Qa5 12. Be2 $6 ({Computers go for} 12. Bxf6
gxf6 {although of course Black has an extra move over a lot of other lines
where ...h6 is played later. And indeed, it's already not happy for White.})
12... Be7 (12... Nbd7 {could well be better, but why not set a trap for Riese?
Who knew he was so unversed in the PP?}) 13. O-O {[#] But in fact nothing is
much better...} Nxe4 {Not as good as they thought!} (13... Nbd7 $5 {leaves
White wondering why he is a pawn down for nothing.}) 14. Qe1 $4 (14. Qe3 Bxh4 (
14... Nxc3 15. Rxc3 Nc6 16. Nxc6 bxc6 17. Bxe7 Kxe7 18. f5 $17 {at least has
Black's king in the center.}) 15. Nxe4 O-O $1 16. Nxd6 Bf6 {Black gave back
one pawn but is coming out and still up the other.} 17. Ne4 Bxd4 18. Qxd4 Nc6
19. Qb6 Qa4 $1 $17) 14... Bxh4 15. Qxh4 Nxc3 0-1

[Event "MI Conway TNM: 1800+"]
[Site "San Francisco"]
[Date "2022.05.31"]
[Round "5.6"]
[White "Molodyk, Mikhail"]
[Black "Argo, Guy"]
[Result "1-0"]
[WhiteElo "1867"]
[BlackElo "1856"]
[PlyCount "59"]
[EventDate "2022.05.03"]
[EventType "swiss"]
[EventRounds "7"]
[EventCountry "USA"]

1. e4 d6 2. d4 Nf6 3. Nc3 Nbd7 4. Nf3 e5 5. Bc4 c6 6. Bb3 Be7 7. a4 a5 8. O-O
h6 9. Kh1 g5 {[#]} 10. dxe5 dxe5 11. Qe2 Qc7 12. Qc4 Rh7 13. Be3 Nf8 14. Nd5
Nxd5 15. exd5 Ng6 16. Nd2 f5 17. dxc6 bxc6 18. Qg8+ Nf8 19. f3 Bb4 20. c3 Rg7 {
[#]} 21. Bb6 Qe7 22. Qc4 Rb8 23. cxb4 Rxb6 24. bxa5 Rb4 25. Qxc6+ Qd7 26. Qc3
Rh4 27. Nc4 Qc7 28. Rfd1 Ke7 29. Qb4+ Kf6 30. Qxf8+ 1-0

[Event "MI Conway TNM: 1800+"]
[Site "San Francisco"]
[Date "2022.05.31"]
[Round "5.7"]
[White "Parsons, Stephen"]
[Black "Goode, Scott"]
[Result "1-0"]
[WhiteElo "1725"]
[BlackElo "1688"]
[Annotator "Winslow,Elliott"]
[PlyCount "77"]
[EventDate "2022.05.03"]
[EventType "swiss"]
[EventRounds "7"]
[EventCountry "USA"]

1. c4 Nf6 2. Nc3 d5 3. cxd5 Nxd5 4. e4 Nxc3 5. bxc3 g6 6. Rb1 Bg7 7. Nf3 O-O 8.
Bc4 c5 9. O-O Nc6 {[#]} 10. a3 $2 (10. Bd5 $5 Na5 11. d4 {keeps the struggle
balanced.}) 10... Na5 11. Ba2 e6 $2 (11... c4 $1 {follows through, with a
significant plus.}) 12. d4 cxd4 $6 {no hurry for this} 13. cxd4 b6 14. Qd3 h6
$6 {[#]} 15. d5 $2 (15. Bf4 $1) (15. h4) 15... exd5 16. exd5 $4 (16. Bxd5 Be6
$11 {Or maybe} 17. h4 {is some pull.}) 16... Bf5 $19 17. Qb5 Bxb1 18. Bxb1 a6
$6 {Weakening b6.} (18... Rc8 {getting the rooks and queen going is the
obvious course.}) 19. Qd3 Nb7 $6 (19... Rc8 $1 20. Qxa6 Qxd5 21. Qxb6 Rb8 22.
Be4 Qxe4 23. Qxa5 Qd3 {or some such -- Black's rooks will soon dominate.}) 20.
Be3 $6 (20. Bf4) 20... Qd6 (20... Nc5) 21. Rd1 Rfc8 22. h4 Rc3 23. Qd2 Rxa3 $2
(23... Qxa3 $1 24. Bxh6 Rxf3 $1 25. Bxg7 Kxg7 26. gxf3 Qxf3 27. d6 Qg4+ 28. Kf1
Rd8 29. Qc3+ (29. d7 Qh3+ {and ...Qxh4; that pawn shall not pass!}) 29... Kh7
30. Rd4 Rc8 $1 {Only move but winning.}) 24. Bxh6 {Black's advantage has
dwindled to "slight" in face of the weakened king position.} Bc3 $6 (24... Qf6
25. h5 Rxf3 $5) 25. Qg5 (25. Qc1 $1 Qb4 26. h5 $14) 25... Bf6 $6 ({SF 15 likes
...} 25... Rb3 $5 {(What is that?)}) 26. Qg4 Nc5 $4 {[#]} (26... Bg7 27. Bxg7
Kxg7 28. Nd4 {White is throwing everything at Black's king, but...} Qe5 $1 (
28... Qf6 29. h5 $18) 29. Ne6+ $5 (29. Bxg6 fxg6 30. Qd7+ Kh6 31. Qxb7 Rf8 32.
Qxb6 Ra2 33. Nf3 Qc3 $1 {Black has walked a narrow path of only moves, and
even now it's unclear if it's holding up.} 34. Qd4 $5 Qxd4 35. Rxd4 Ra5 36. d6
Rd8 $14) ({The same "murky" evaluation applies to} 29. Nf5+ Kh8 $1 (29... Kf8
$2 30. Qb4+ Nc5 31. Qxa3) (29... Kh7 $2 30. Qg5 $1 {looking for f4! (or h5)})
30. Nh6 Kg7 31. Nxf7 Kxf7 32. Qxg6+ Kf8 33. Qc6 Qg7 $1 $14)) 27. Bxg6 $1 fxg6
$6 {Acquiescing but quite lost regardless.} 28. Qxg6+ Kh8 29. Bg7+ (29. Ng5 $1
Qe7 30. d6 {Stockfish 15 (out for a month?) says mate in 10 -- we must believe.
}) 29... Bxg7 30. Qxd6 Rb3 31. Ng5 Rb4 32. h5 Rg4 33. Qg6 Rxg5 34. Qxg5 a5 35.
h6 Bc3 36. d6 a4 37. d7 Nxd7 38. Rxd7 Rg8 39. Qf5 {Except for the Exchange
loss (intentional?), a nice game. Defense is hard!} 1-0

[Event "MI Conway TNM: 1800+"]
[Site "San Francisco"]
[Date "2022.05.31"]
[Round "5.8"]
[White "Powers, Christopher"]
[Black "Carron, Joel"]
[Result "1-0"]
[WhiteElo "1747"]
[BlackElo "1686"]
[Annotator "de Firmian"]
[PlyCount "105"]
[EventDate "2022.05.03"]
[EventType "swiss"]
[EventRounds "7"]
[EventCountry "USA"]

1. e4 d5 2. exd5 Qxd5 3. Nc3 Qd8 4. d4 Nf6 5. Nf3 Bg4 6. Be2 e6 7. O-O c6 8.
Bg5 Be7 9. Qd2 Nbd7 10. Rad1 O-O {[#] This is a classic, well played Center
Counter Defense. White is a bit more active but Black has a very solid
position that is hard to crack. Both sides have gotten what they've looked for
from the opening.} 11. h3 Bxf3 12. Bxf3 Nd5 13. Bxe7 Qxe7 14. Ne4 N5f6 15. c3
Nxe4 16. Bxe4 Nf6 17. Bc2 c5 {The awaited break. White has just a small edge.}
18. Qg5 cxd4 19. Rxd4 Rad8 20. Rh4 {going after the king. Central play would
have been} (20. Qe3 Rxd4 21. Qxd4 b6 22. Rd1) 20... Rfe8 $2 {[#]} 21. Re1 $2 ({
missing} 21. Bxh7+ $1 Nxh7 22. Qh5 {winning the knight back with an extra pawn}
f5 (22... Nf6 23. Qh8#) 23. Qxh7+ Kf7 24. Qh5+ g6 25. Qh6 Rh8 26. Qxh8 Rxh8 27.
Rxh8 $16 {is a clear edge to White}) 21... g6 $1 $11 {This should have been
played on move 20. The game is equal now.} 22. f4 $6 {With no easy way into
the black position Christopher charges ahead, but this move weakens White more
than Black.} (22. Ba4) 22... Rd5 ({also} 22... Rd2 $1 23. Bb3 (23. Ba4 Red8)
23... Rxb2 $19) 23. Re5 Rxe5 $6 {letting the white rook on h4 back in the game}
(23... Rc8 $1 $17) 24. fxe5 Nd7 (24... Qc5+ 25. Kh1 Nd7 $15) 25. Qh6 (25. Qxe7
Rxe7 $11) 25... Nf8 26. Rc4 Rd8 27. Qe3 b6 28. Bb3 Rd7 29. Qe4 Rc7 30. Ba4 (30.
Qd4) 30... Rxc4 31. Qxc4 Qc5+ $2 {The wrong choice of endings.} (31... Qg5 $1 {
keeping the queens on allows Black to attack the e5 and b2 pawns. Joel would
then have a clear edge.}) 32. Qxc5 bxc5 33. b4 $1 cxb4 {[#]} 34. c4 $3 {
A brilliant move that should win the game. The passed c-pawn should win the
knight with the black king and knight so restricted.} g5 35. c5 Ng6 36. c6 Ne7
37. c7 a5 38. Kf2 Kg7 39. Kg3 $6 (39. Bd7) 39... Kg6 40. Bc2+ f5 41. exf6+ $6 {
It just got a lot harder. One suspects a time scramble!} (41. Kf3 $1) 41...
Kxf6 42. Be4 $6 (42. Bxh7 $16 {is still a solid plus, with another passed pawn
via g3 and h4 possible.}) 42... a4 43. Bxh7 {[#] Now this needs to be taken} a3
$2 (43... b3 $1 {is a draw; the passed pawn created neatly counters White's
monster on c7.} 44. axb3 a3 45. Bb1 e5 46. Kg4 e4 {is a draw}) 44. Bc2 e5 45.
Kf3 $2 (45. Kg4 $1 e4 46. Bxe4 b3 47. Bb1 $1 b2 48. g3 {The h-pawn will be
enough to distract Black's king, when White will send his king after Black's
pawns -- and the *other* rook pawn will decide. (Black's knight is helpless of
course.)}) 45... Ke6 46. Ke4 Kd6 47. g3 {[#]} Ke6 $2 (47... Kxc7 $1 {Freedom
for the knight!} 48. Kxe5 Nc6+ {Black plans ...Na5 (or ...Nd4) and ...b3! when
White can't win.}) 48. h4 $1 Kf6 49. hxg5+ Kxg5 50. Kxe5 Nc8 {now an exchange
of time pressure slips} 51. Bf5 $2 (51. Ke6) 51... Nb6 $2 (51... b3 $1 $11) 52.
Be6 $1 {the end} Kg6 53. Kd6 {A great battle and a fascinating ending.} 1-0

[Event "MI Conway TNM: 1800+"]
[Site "San Francisco"]
[Date "2022.05.31"]
[Round "5.9"]
[White "Sankar, Arjun"]
[Black "Macnee, Felix"]
[Result "1-0"]
[WhiteElo "1787"]
[BlackElo "1828"]
[PlyCount "99"]
[EventDate "2022.05.03"]
[EventType "swiss"]
[EventRounds "7"]
[EventCountry "USA"]

1. e4 c5 2. Nf3 d6 3. d4 cxd4 4. Nxd4 Nf6 5. Nc3 a6 6. Be2 e5 7. Nb3 Be7 8. O-O
Be6 9. Be3 O-O 10. h3 d5 11. exd5 Nxd5 12. Nxd5 Bxd5 13. Nc5 Bxc5 14. Bxc5 Re8
15. c4 Be6 16. Qb3 Qc8 17. Bd6 Nc6 18. Bf3 f5 19. Bd5 Bxd5 20. cxd5 Nd4 21. Qd3
Nb5 22. Bb4 Qd7 23. d6 Rad8 24. Rfd1 Re6 $2 25. Qxf5 Nd4 26. Qe4 Rg6 27. Bc5
Ne6 28. Be3 Nf4 29. Bxf4 exf4 30. Qe7 Rxd6 31. Qxd7 R8xd7 32. Rxd6 Rxd6 33. Rc1
b5 34. Rc2 Kf7 35. Kf1 Kf6 36. Ke2 h5 37. b3 h4 38. Kf3 g5 39. Kg4 Re6 40. a3
Rd6 41. b4 a5 42. bxa5 Ra6 43. Rc5 Rxa5 44. Rxg5 f3 45. Rf5+ Kg6 46. Rxf3 Ra4+
47. Rf4 Rxa3 48. Kxh4 Ra4 49. Kg3 Rxf4 50. Kxf4 1-0

[Event "MI Conway TNM: u1800"]
[Site "San Francisco"]
[Date "2022.05.31"]
[Round "5.10"]
[White "Croce, Dominic"]
[Black "Maliev, Anton"]
[Result "0-1"]
[WhiteElo "1584"]
[BlackElo "1519"]
[PlyCount "52"]
[EventDate "2022.05.03"]
[EventType "swiss"]
[EventRounds "7"]

1. e4 c5 2. c3 d5 3. exd5 Qxd5 4. Nf3 Nc6 5. Na3 a6 6. Be2 Nf6 7. O-O e6 8. Nc2
Na5 9. d4 cxd4 10. Nfxd4 Bc5 11. Bf3 Qd7 12. Bg5 Nd5 13. Qe2 b5 14. Ne3 Bb7 15.
Rfd1 O-O 16. Ng4 Qc7 {[#]} 17. Nxe6 fxe6 18. Qxe6+ Kh8 19. Rxd5 Bxd5 20. Bxd5
Rae8 21. Qxa6 Rf5 {[#]} 22. Nf6 Bxf2+ 23. Kh1 Rxg5 24. Rf1 Rxd5 25. Nxe8 {[#]}
Qxh2+ 26. Kxh2 Rh5# 0-1

[Event "MI Conway TNM: u1800"]
[Site "San Francisco"]
[Date "2022.05.31"]
[Round "5.11"]
[White "Sobel, Steve"]
[Black "Tsolias, Yorgos"]
[Result "1-0"]
[WhiteElo "1559"]
[BlackElo "1531"]
[PlyCount "111"]
[EventDate "2022.05.03"]
[EventType "swiss"]
[EventRounds "7"]

1. e4 e6 2. d4 d5 3. exd5 exd5 4. Nf3 Nc6 5. Bb5 Bd6 6. c4 dxc4 7. d5 a6 8. Ba4
b5 9. dxc6 bxa4 10. O-O Ne7 11. Nbd2 Be6 12. Qxa4 O-O 13. Nxc4 Bd5 14. Nxd6
Bxc6 15. Qc2 Bxf3 16. Nf5 Nxf5 17. Qxf5 Bd5 18. Bf4 c6 19. Rfd1 Qh4 20. b3 Rfe8
21. Bg3 Qe4 22. Qxe4 Rxe4 23. Kf1 Rae8 24. Rd2 h5 25. f3 R4e6 26. Rb1 g5 27. h3
g4 28. fxg4 Rg6 29. Rd4 f5 30. Ra4 fxg4 31. h4 Rge6 32. Rb2 Be4 33. Rd2 Rf6+
34. Kg1 c5 35. Re2 Bc6 36. Rxe8+ Bxe8 37. Rc4 Rf5 38. Bf2 Bb5 39. Rc1 Rd5 40.
Bxc5 Rd2 41. a4 Bc6 42. Be3 Rxg2+ 43. Kf1 Rg3 44. Bf2 Rf3 45. Rxc6 Kf7 46. Kg2
Rxb3 47. Rxa6 Ra3 48. a5 Ra4 49. Ra8 Ke6 50. a6 g3 51. Kxg3 Rg4+ 52. Kf3 Rg7
53. a7 Rf7+ 54. Ke2 Re7 55. Rh8 Kd7+ 56. Kf1 1-0